[Event "ODJM B 2025"]
[Site "Willingen GER"]
[Date "2025.06.13"]
[Round "8"]
[White "Franke, Moritz"]
[Black "Tryk, Paul-Luca"]
[Result "1/2-1/2"]
[Termination "normal"]
[Board "58"]
[WhiteElo "1627"]
[BlackElo "1741"]
[WhiteClock "01:08:18"]
[BlackClock "00:24:38"]
[PlyCount "74"]
[WhiteFideId "34629475"]
[BlackFideId "34698515"]
[EventCountry "GER"]
[EventRounds "9"]
[EventType "swiss"]
[EventDate "2025.06.07"]

1. e4 {[%clk 01:30:58]} {[%emt 00:00:02]} e6 {[%clk 01:30:55]} {[%emt
00:00:06]} 2. d3 {[%clk 01:30:04]} {[%emt 00:01:24]} d5 {[%clk 01:31:17]}
{[%emt 00:00:07]} 3. Nd2 {[%clk 01:29:40]} {[%emt 00:00:53]} c5 {[%clk
01:30:09]} {[%emt 00:01:39]} 4. Ngf3 {[%clk 01:29:29]} {[%emt 00:00:42]} Nf6
{[%clk 01:24:53]} {[%emt 00:05:45]} 5. g3 {[%clk 01:24:17]} {[%emt 00:05:41]}
Be7 {[%clk 01:20:53]} {[%emt 00:04:31]} 6. Bg2 {[%clk 01:20:41]} {[%emt
00:04:06]} Nc6 {[%clk 01:17:18]} {[%emt 00:04:04]} 7. O-O {[%clk 01:19:18]}
{[%emt 00:01:53]} O-O {[%clk 01:16:06]} {[%emt 00:01:43]} 8. e5 {[%clk
01:10:26]} {[%emt 00:09:22]} Nd7 {[%clk 01:13:24]} {[%emt 00:03:12]} 9. Re1
{[%clk 01:10:45]} {[%emt 00:00:11]} Qc7 {[%clk 01:06:00]} {[%emt 00:07:55]} 10.
Qe2 {[%clk 01:10:59]} {[%emt 00:00:15]} Re8 {[%clk 00:50:55]} {[%emt 00:15:35]}
11. Nf1 {[%clk 01:07:57]} {[%emt 00:03:32]} Nf8 {[%clk 00:49:41]} {[%emt
00:01:44]} 12. c3 {[%clk 01:07:48]} {[%emt 00:00:39]} Bd7 {[%clk 00:49:42]}
{[%emt 00:00:30]} 13. h4 {[%clk 01:08:04]} {[%emt 00:00:13]} f6 {[%clk
00:49:26]} {[%emt 00:00:46]} 14. Bf4 {[%clk 01:08:01]} {[%emt 00:00:32]} Ng6
{[%clk 00:48:49]} {[%emt 00:01:08]} 15. Qe3 {[%clk 01:07:15]} {[%emt 00:01:15]}
Nxf4 {[%clk 00:47:18]} {[%emt 00:02:02]} 16. Qxf4 {[%clk 01:07:28]} {[%emt
00:00:17]} fxe5 {[%clk 00:47:35]} {[%emt 00:00:13]} 17. Nxe5 {[%clk 01:07:49]}
{[%emt 00:00:09]} Nxe5 {[%clk 00:47:44]} {[%emt 00:00:22]} 18. Qxe5 {[%clk
01:08:09]} {[%emt 00:00:09]} Qxe5 19. Rxe5 Bf6 {[%clk 00:47:43]} 20. Re2 {[%clk
01:08:42]} {[%emt 00:00:16]} Bc6 {[%clk 00:45:01]} {[%emt 00:03:13]} 21. Rae1
{[%clk 01:08:12]} {[%emt 00:01:00]} e5 {[%clk 00:43:33]} {[%emt 00:01:59]} 22.
Ne3 {[%clk 01:08:18]} {[%emt 00:00:23]} d4 {[%clk 00:38:19]} {[%emt 00:05:44]}
23. Ng4 {[%clk 01:07:55]} {[%emt 00:00:51]} Bxg2 {[%clk 00:37:26]} {[%emt
00:01:25]} 24. Kxg2 {[%clk 01:05:09]} {[%emt 00:03:16]} dxc3 {[%clk 00:36:32]}
{[%emt 00:01:24]} 25. bxc3 {[%clk 01:05:32]} {[%emt 00:00:07]} Rad8 {[%clk
00:33:43]} {[%emt 00:03:19]} 26. Nxe5 {[%clk 01:05:04]} {[%emt 00:00:58]} Bxe5
{[%clk 00:32:59]} {[%emt 00:01:15]} 27. Rxe5 {[%clk 01:05:29]} {[%emt
00:00:04]} Rxe5 {[%clk 00:33:03]} {[%emt 00:00:26]} 28. Rxe5 {[%clk 01:05:55]}
{[%emt 00:00:05]} Rxd3 {[%clk 00:32:57]} {[%emt 00:00:36]} 29. Rxc5 {[%clk
01:06:21]} {[%emt 00:00:04]} b6 {[%clk 00:30:54]} {[%emt 00:02:33]} 30. Rc8+
{[%clk 01:06:38]} {[%emt 00:00:12]} Kf7 {[%clk 00:31:07]} {[%emt 00:00:17]} 31.
Rc7+ {[%clk 01:07:05]} {[%emt 00:00:03]} Kf6 {[%clk 00:31:18]} {[%emt
00:00:18]} 32. Rxa7 {[%clk 01:07:31]} {[%emt 00:00:05]} Rxc3 {[%clk 00:31:30]}
{[%emt 00:00:18]} 33. Ra6 {[%clk 01:07:52]} {[%emt 00:00:09]} Rc6 {[%clk
00:30:34]} {[%emt 00:01:26]} 34. a4 {[%clk 01:08:16]} {[%emt 00:00:06]} Re6
{[%clk 00:30:05]} {[%emt 00:00:59]} 35. a5 {[%clk 01:07:38]} {[%emt 00:01:08]}
bxa5 {[%clk 00:30:30]} {[%emt 00:00:06]} 36. Rxa5 {[%clk 01:08:03]} {[%emt
00:00:05]} g6 {[%clk 00:24:38]} {[%emt 00:06:20]} 37. Ra7 {[%clk 01:08:18]}
{[%emt 00:00:15]} h5 {[%emt 00:01:48]} 1/2-1/2

[Event "ODJM B 2025"]
[Site "Willingen GER"]
[Date "2025.06.13"]
[Round "8"]
[White "Wang, Enya Marie"]
[Black "Prigandt, Junis"]
[Result "1-0"]
[Termination "normal"]
[Board "59"]
[WhiteElo "1649"]
[BlackElo "1539"]
[WhiteClock "00:40:57"]
[BlackClock "01:00:41"]
[PlyCount "47"]
[WhiteFideId "34660330"]
[BlackFideId "34631712"]
[EventCountry "GER"]
[EventRounds "9"]
[EventType "swiss"]
[EventDate "2025.06.07"]

1. e4 {[%clk 01:30:59]} c5 {[%clk 01:30:53]} {[%emt 00:00:07]} 2. c3 {[%clk
01:31:23]} {[%emt 00:00:05]} Nf6 {[%clk 01:31:14]} {[%emt 00:00:10]} 3. e5
{[%clk 01:31:49]} {[%emt 00:00:05]} Nd5 {[%clk 01:31:29]} {[%emt 00:00:15]} 4.
Nf3 {[%clk 01:32:12]} {[%emt 00:00:06]} Nc6 {[%clk 01:31:27]} {[%emt 00:00:32]}
5. Bc4 {[%clk 01:32:16]} {[%emt 00:00:25]} Nb6 {[%clk 01:31:13]} {[%emt
00:00:45]} 6. Bb3 {[%clk 01:32:33]} {[%emt 00:00:13]} h6 {[%clk 01:29:43]}
{[%emt 00:02:01]} 7. O-O {[%clk 01:28:52]} {[%emt 00:04:10]} g6 {[%clk
01:28:52]} {[%emt 00:01:22]} 8. d4 {[%clk 01:26:32]} {[%emt 00:02:50]} cxd4
{[%clk 01:27:20]} {[%emt 00:02:01]} 9. cxd4 {[%clk 01:25:06]} {[%emt 00:01:56]}
Bg7 {[%clk 01:27:07]} {[%emt 00:00:43]} 10. Nc3 {[%clk 01:24:16]} {[%emt
00:01:20]} d6 {[%clk 01:24:39]} {[%emt 00:02:58]} 11. exd6 {[%clk 01:23:13]}
{[%emt 00:01:33]} Qxd6 {[%clk 01:22:33]} {[%emt 00:02:36]} 12. Nb5 {[%clk
01:14:58]} {[%emt 00:08:45]} Qd8 {[%clk 01:21:23]} {[%emt 00:01:40]} 13. Bf4
{[%clk 01:12:30]} {[%emt 00:02:56]} O-O {[%clk 01:18:00]} {[%emt 00:03:56]} 14.
Qd2 {[%clk 01:08:15]} {[%emt 00:04:44]} Kh7 {[%clk 01:13:37]} {[%emt 00:04:52]}
15. Nc7 {[%clk 00:54:11]} {[%emt 00:14:34]} Rb8 {[%clk 01:11:41]} {[%emt
00:02:27]} 16. d5 {[%clk 00:51:31]} {[%emt 00:03:11]} e5 {[%clk 01:08:32]}
{[%emt 00:03:38]} 17. dxe6 {[%clk 00:49:55]} {[%emt 00:02:05]} Qxd2 {[%clk
01:07:36]} {[%emt 00:01:27]} 18. Nxd2 {[%clk 00:49:56]} {[%emt 00:00:30]} Be5
{[%clk 01:05:21]} {[%emt 00:02:45]} 19. Bxe5 {[%clk 00:45:24]} {[%emt
00:05:01]} Nxe5 {[%clk 01:04:47]} {[%emt 00:01:04]} 20. e7 {[%clk 00:45:34]}
{[%emt 00:00:19]} Bd7 {[%clk 01:00:50]} {[%emt 00:04:28]} 21. exf8=Q {[%clk
00:45:19]} {[%emt 00:00:45]} Rxf8 {[%clk 01:01:12]} {[%emt 00:00:08]} 22. Nd5
{[%clk 00:45:17]} {[%emt 00:00:29]} Nxd5 {[%clk 01:00:19]} {[%emt 00:01:26]}
23. Bxd5 {[%clk 00:45:41]} {[%emt 00:00:06]} Rd8 {[%clk 01:00:41]} {[%emt
00:00:08]} 24. Nb3 {[%clk 00:40:57]} {[%emt 00:05:13]} 1-0

[Event "ODJM B 2025"]
[Site "Willingen GER"]
[Date "2025.06.13"]
[Round "8"]
[White "Berger, Johanna"]
[Black "Kühne, Malin"]
[Result "0-1"]
[Termination "normal"]
[Board "60"]
[WhiteElo "1591"]
[BlackElo "1536"]
[WhiteClock "00:29:35"]
[BlackClock "00:05:52"]
[PlyCount "94"]
[WhiteFideId "16207025"]
[BlackFideId "34619747"]
[EventCountry "GER"]
[EventRounds "9"]
[EventType "swiss"]
[EventDate "2025.06.07"]

1. f4 {[%clk 01:30:58]} {[%emt 00:00:01]} d5 {[%clk 01:30:38]} {[%emt
00:00:22]} 2. Nf3 {[%clk 01:31:25]} {[%emt 00:00:03]} h6 {[%clk 01:29:47]}
{[%emt 00:01:21]} 3. b3 {[%clk 01:30:06]} {[%emt 00:01:50]} g5 {[%clk
01:21:59]} {[%emt 00:08:18]} 4. Bb2 {[%clk 01:29:05]} {[%emt 00:01:31]} Nf6
{[%clk 01:20:34]} {[%emt 00:01:54]} 5. fxg5 {[%clk 01:28:35]} {[%emt 00:01:00]}
hxg5 {[%clk 01:20:39]} {[%emt 00:00:25]} 6. Nxg5 {[%clk 01:27:09]} {[%emt
00:01:55]} Qd6 {[%clk 01:00:55]} {[%emt 00:20:15]} 7. g3 {[%clk 01:19:50]}
{[%emt 00:07:49]} e5 {[%clk 00:58:51]} {[%emt 00:02:34]} 8. Bg2 {[%clk
01:10:19]} {[%emt 00:10:01]} Nc6 {[%clk 00:55:16]} {[%emt 00:04:05]} 9. d3
{[%clk 01:09:05]} {[%emt 00:01:44]} Ng4 {[%clk 00:52:35]} {[%emt 00:03:10]} 10.
h3 {[%clk 00:49:37]} {[%emt 00:19:59]} Ne3 {[%clk 00:49:26]} {[%emt 00:03:38]}
11. Qd2 {[%clk 00:47:22]} {[%emt 00:02:46]} Nxg2+ {[%clk 00:49:11]} {[%emt
00:00:45]} 12. Kf2 {[%clk 00:47:48]} {[%emt 00:00:04]} Bh6 {[%clk 00:46:34]}
{[%emt 00:03:08]} 13. Kxg2 {[%clk 00:40:03]} {[%emt 00:08:14]} f6 {[%clk
00:43:05]} {[%emt 00:03:58]} 14. Ba3 {[%clk 00:40:29]} {[%emt 00:00:04]} Qd7
{[%clk 00:42:33]} {[%emt 00:01:00]} 15. h4 {[%clk 00:40:28]} {[%emt 00:00:34]}
fxg5 {[%clk 00:40:22]} {[%emt 00:02:41]} 16. hxg5 {[%clk 00:40:35]} {[%emt
00:00:22]} Bg7 {[%clk 00:40:08]} {[%emt 00:00:43]} 17. Rxh8+ {[%clk 00:38:35]}
{[%emt 00:02:31]} Bxh8 {[%clk 00:40:29]} {[%emt 00:00:08]} 18. Qe3 {[%clk
00:37:11]} {[%emt 00:01:56]} Nd4 {[%clk 00:33:30]} {[%emt 00:07:27]} 19. Qf2
{[%clk 00:34:51]} {[%emt 00:02:51]} Qf5 {[%clk 00:31:10]} {[%emt 00:02:44]} 20.
Qxf5 {[%clk 00:32:09]} {[%emt 00:03:19]} Bxf5 {[%clk 00:29:42]} {[%emt
00:01:58]} 21. Nc3 {[%clk 00:32:33]} {[%emt 00:00:06]} Nxc2 {[%clk 00:26:31]}
{[%emt 00:03:40]} 22. Nxd5 {[%clk 00:32:57]} {[%emt 00:00:06]} O-O-O {[%clk
00:19:57]} {[%emt 00:07:04]} 23. Ne7+ {[%clk 00:32:50]} {[%emt 00:00:37]} Kd7
{[%clk 00:18:43]} {[%emt 00:01:45]} 24. Rc1 {[%clk 00:32:34]} {[%emt 00:00:45]}
Nxa3 {[%clk 00:18:32]} {[%emt 00:00:41]} 25. Nxf5 {[%clk 00:32:58]} {[%emt
00:00:07]} Rg8 {[%clk 00:18:00]} {[%emt 00:01:02]} 26. Nh6 {[%clk 00:30:34]}
{[%emt 00:02:54]} Rxg5 {[%clk 00:14:49]} {[%emt 00:03:41]} 27. Nf7 {[%clk
00:30:58]} {[%emt 00:00:06]} Rh5 {[%clk 00:14:46]} {[%emt 00:00:32]} 28. Rf1
{[%clk 00:26:57]} {[%emt 00:04:32]} Ke7 {[%clk 00:10:28]} {[%emt 00:04:48]} 29.
e4 {[%clk 00:25:39]} {[%emt 00:01:48]} Bf6 {[%clk 00:08:48]} {[%emt 00:02:08]}
30. g4 {[%clk 00:26:06]} {[%emt 00:00:06]} Rh7 {[%clk 00:07:52]} {[%emt
00:01:22]} 31. g5 {[%clk 00:26:25]} {[%emt 00:00:14]} Rxf7 {[%clk 00:07:46]}
{[%emt 00:00:36]} 32. Rxf6 {[%clk 00:26:09]} {[%emt 00:00:46]} Rxf6 {[%clk
00:08:06]} {[%emt 00:00:10]} 33. gxf6+ {[%clk 00:26:35]} {[%emt 00:00:03]} Kxf6
{[%clk 00:08:29]} {[%emt 00:00:08]} 34. Kf3 {[%clk 00:26:46]} {[%emt 00:00:18]}
Ke6 {[%clk 00:07:37]} {[%emt 00:01:23]} 35. Ke2 {[%clk 00:26:41]} {[%emt
00:00:35]} Kd6 {[%clk 00:06:58]} {[%emt 00:01:09]} 36. Kd2 {[%clk 00:27:04]}
{[%emt 00:00:06]} Kc5 {[%clk 00:06:44]} {[%emt 00:00:44]} 37. Kc3 {[%clk
00:27:12]} {[%emt 00:00:23]} Nb5+ {[%clk 00:07:03]} {[%emt 00:00:11]} 38. Kc2
{[%clk 00:27:27]} {[%emt 00:00:15]} Kd4 {[%clk 00:06:53]} {[%emt 00:00:38]} 39.
b4 {[%clk 00:27:33]} {[%emt 00:00:26]} Nd6 {[%clk 00:06:58]} {[%emt 00:00:22]}
40. Kd2 {[%clk 00:27:31]} {[%emt 00:00:35]} Nxe4+ {[%clk 00:03:17]} {[%emt
00:04:12]} 41. dxe4 {[%clk 00:27:43]} {[%emt 00:00:17]} Kxe4 {[%clk 00:03:40]}
{[%emt 00:00:07]} 42. Ke2 {[%clk 00:27:57]} {[%emt 00:00:16]} Kd4 {[%clk
00:04:04]} {[%emt 00:00:06]} 43. Kf3 {[%clk 00:28:21]} {[%emt 00:00:06]} Kd3
{[%clk 00:04:26]} {[%emt 00:00:08]} 44. Kf2 {[%clk 00:28:22]} {[%emt 00:00:29]}
e4 {[%clk 00:04:49]} {[%emt 00:00:07]} 45. Ke1 {[%clk 00:28:48]} {[%emt
00:00:04]} e3 {[%clk 00:05:14]} {[%emt 00:00:06]} 46. Kd1 {[%clk 00:29:08]}
{[%emt 00:00:09]} e2+ {[%clk 00:05:39]} {[%emt 00:00:05]} 47. Ke1 {[%clk
00:29:35]} {[%emt 00:00:02]} b5 {[%clk 00:05:52]} {[%emt 00:00:18]} 0-1

[Event "ODJM B 2025"]
[Site "Willingen GER"]
[Date "2025.06.13"]
[Round "8"]
[White "Kulgemeyer, Justus"]
[Black "de Cauter, Leah"]
[Result "1-0"]
[Termination "normal"]
[Board "61"]
[WhiteElo "1557"]
[BlackElo "1649"]
[WhiteClock "01:26:08"]
[BlackClock "00:28:15"]
[PlyCount "85"]
[WhiteFideId "34623671"]
[BlackFideId "16222350"]
[EventCountry "GER"]
[EventRounds "9"]
[EventType "swiss"]
[EventDate "2025.06.07"]

1. d4 {[%clk 01:30:58]} {[%emt 00:00:02]} Nf6 {[%clk 01:30:52]} {[%emt
00:00:09]} 2. Nc3 {[%clk 01:31:24]} {[%emt 00:00:04]} d5 {[%clk 01:31:15]}
{[%emt 00:00:07]} 3. Bf4 {[%clk 01:31:52]} {[%emt 00:00:02]} e6 {[%clk
01:31:18]} {[%emt 00:00:27]} 4. Nb5 {[%clk 01:32:18]} {[%emt 00:00:04]} Bb4+
{[%clk 01:31:20]} {[%emt 00:00:28]} 5. c3 {[%clk 01:32:41]} {[%emt 00:00:07]}
Ba5 {[%clk 01:31:38]} {[%emt 00:00:13]} 6. b4 {[%clk 01:33:01]} {[%emt
00:00:10]} Bb6 {[%clk 01:31:37]} {[%emt 00:00:31]} 7. e3 {[%clk 01:33:04]}
{[%emt 00:00:26]} a6 {[%clk 01:31:49]} {[%emt 00:00:19]} 8. Na3 {[%clk
01:33:28]} {[%emt 00:00:07]} O-O {[%clk 01:19:52]} {[%emt 00:12:27]} 9. Bd3
{[%clk 01:33:38]} {[%emt 00:00:20]} Qe7 {[%clk 01:08:59]} {[%emt 00:11:23]} 10.
Nf3 {[%clk 01:33:31]} {[%emt 00:00:37]} Nc6 {[%clk 01:07:08]} {[%emt 00:02:21]}
11. O-O {[%clk 01:33:10]} {[%emt 00:00:52]} h6 {[%clk 00:49:49]} {[%emt
00:17:48]} 12. Ne5 {[%emt 00:02:54]} g5 {[%clk 00:38:42]} {[%emt 00:11:36]} 13.
Bg3 {[%clk 01:30:00]} {[%emt 00:01:17]} Nxe5 {[%clk 00:29:17]} {[%emt
00:09:55]} 14. Bxe5 {[%clk 01:28:34]} {[%emt 00:01:56]} Nd7 {[%clk 00:27:21]}
{[%emt 00:02:25]} 15. Qh5 {[%clk 01:24:01]} {[%emt 00:05:02]} f6 {[%clk
00:19:57]} {[%emt 00:07:54]} 16. Bg3 {[%clk 01:23:48]} {[%emt 00:00:43]} Qg7
{[%clk 00:19:20]} {[%emt 00:01:06]} 17. f4 {[%clk 01:17:58]} {[%emt 00:06:22]}
f5 {[%clk 00:15:13]} {[%emt 00:04:36]} 18. fxg5 {[%clk 01:17:19]} {[%emt
00:01:09]} hxg5 {[%clk 00:14:16]} {[%emt 00:01:27]} 19. Rf3 {[%clk 01:13:17]}
{[%emt 00:04:31]} Nf6 {[%clk 00:12:06]} {[%emt 00:02:40]} 20. Be5 {[%clk
01:09:17]} {[%emt 00:04:30]} Nxh5 {[%clk 00:08:31]} {[%emt 00:04:05]} 21. Bxg7
{[%clk 01:09:35]} {[%emt 00:00:12]} Kxg7 {[%clk 00:07:53]} {[%emt 00:01:09]}
22. Raf1 {[%clk 01:09:16]} {[%emt 00:00:49]} g4 {[%clk 00:07:02]} {[%emt
00:01:21]} 23. R3f2 {[%clk 01:09:28]} {[%emt 00:00:18]} Bd7 {[%clk 00:06:47]}
{[%emt 00:00:45]} 24. Nb1 {[%clk 01:09:16]} {[%emt 00:00:42]} a5 {[%clk
00:07:03]} {[%emt 00:00:14]} 25. a3 {[%clk 01:09:29]} {[%emt 00:00:17]} Rh8
{[%clk 00:06:45]} {[%emt 00:00:47]} 26. Nd2 {[%clk 01:08:33]} {[%emt 00:01:27]}
g3 {[%clk 00:06:05]} {[%emt 00:01:10]} 27. Rf3 {[%clk 01:07:15]} {[%emt
00:01:47]} gxh2+ {[%clk 00:06:21]} {[%emt 00:00:14]} 28. Kh1 {[%clk 01:07:05]}
{[%emt 00:00:41]} Kf7 {[%clk 00:05:36]} {[%emt 00:01:15]} 29. g4 {[%clk
01:05:48]} {[%emt 00:01:46]} Nf6 {[%clk 00:05:21]} {[%emt 00:00:46]} 30. gxf5
{[%clk 01:06:04]} {[%emt 00:00:15]} exf5 {[%clk 00:04:51]} {[%emt 00:01:00]}
31. Bxf5 {[%clk 01:06:14]} {[%emt 00:00:20]} Bxf5 {[%clk 00:04:12]} {[%emt
00:01:08]} 32. Rxf5 {[%clk 01:06:37]} {[%emt 00:00:06]} Rh6 {[%clk 00:04:36]}
{[%emt 00:00:06]} 33. e4 {[%clk 01:06:49]} {[%emt 00:00:18]} Ke7 {[%clk
00:04:09]} {[%emt 00:00:57]} 34. exd5 {[%clk 01:02:09]} {[%emt 00:05:10]} Rg8
{[%clk 00:03:15]} {[%emt 00:01:23]} 35. Re1+ {[%clk 01:01:24]} {[%emt
00:01:15]} Kd7 {[%clk 00:03:16]} {[%emt 00:00:29]} 36. Nf3 {[%clk 01:00:59]}
{[%emt 00:00:55]} Ng4 {[%clk 00:02:52]} {[%emt 00:00:54]} 37. Re2 {[%clk
00:58:28]} {[%emt 00:03:01]} Re8 {[%clk 00:02:27]} {[%emt 00:00:54]} 38. Rg2
{[%clk 00:57:13]} {[%emt 00:01:45]} Ne3 {[%clk 00:01:42]} {[%emt 00:01:15]} 39.
Rg7+ {[%clk 00:55:01]} {[%emt 00:02:41]} Re7 {[%clk 00:01:28]} {[%emt
00:00:45]} 40. Ne5+ {[%clk 00:54:57]} {[%emt 00:00:34]} Kd8 {[%clk 00:00:39]}
{[%emt 00:01:19]} 41. Rf8+ {[%clk 00:55:19]} {[%emt 00:00:08]} Re8 {[%clk
00:28:18]} {[%emt 00:02:51]} 42. Rd7+ {[%clk 01:25:43]} {[%emt 00:00:06]} Kc8
{[%clk 00:28:15]} {[%emt 00:00:33]} 43. Rxe8# {[%clk 01:26:08]} 1-0

[Event "ODJM B 2025"]
[Site "Willingen GER"]
[Date "2025.06.13"]
[Round "8"]
[White "Ebel, Felix"]
[Black "Rabus, Johann"]
[Result "0-1"]
[Termination "normal"]
[Board "62"]
[WhiteElo "1605"]
[BlackElo "1579"]
[WhiteClock "01:29:19"]
[BlackClock "01:10:43"]
[PlyCount "98"]
[WhiteFideId "34651446"]
[BlackFideId "34602950"]
[EventCountry "GER"]
[EventRounds "9"]
[EventType "swiss"]
[EventDate "2025.06.07"]

1. e4 {[%clk 01:30:58]} {[%emt 00:00:01]} c6 {[%clk 01:30:56]} {[%emt
00:00:04]} 2. d4 {[%clk 01:31:21]} {[%emt 00:00:08]} d5 {[%clk 01:31:23]}
{[%emt 00:00:03]} 3. exd5 {[%clk 01:31:45]} {[%emt 00:00:05]} cxd5 {[%clk
01:31:49]} {[%emt 00:00:05]} 4. c4 {[%clk 01:31:49]} {[%emt 00:00:26]} Nf6
{[%clk 01:32:11]} {[%emt 00:00:08]} 5. Nc3 {[%clk 01:32:11]} {[%emt 00:00:07]}
Nc6 {[%clk 01:32:37]} {[%emt 00:00:05]} 6. Nf3 {[%clk 01:32:08]} {[%emt
00:00:32]} Bg4 {[%clk 01:33:00]} {[%emt 00:00:07]} 7. Be3 {[%clk 01:31:41]}
{[%emt 00:00:58]} e6 {[%clk 01:32:20]} {[%emt 00:01:10]} 8. Qb3 {[%clk
01:31:28]} {[%emt 00:00:43]} dxc4 {[%clk 01:20:14]} {[%emt 00:12:36]} 9. Qxb7
{[%clk 01:31:10]} {[%emt 00:00:47]} Nb4 {[%clk 01:18:34]} {[%emt 00:02:11]} 10.
Bxc4 {[%clk 01:26:32]} {[%emt 00:05:07]} Bxf3 {[%clk 01:06:00]} {[%emt
00:13:04]} 11. gxf3 {[%clk 01:24:00]} {[%emt 00:03:03]} Qc8 {[%clk 01:05:10]}
{[%emt 00:01:20]} 12. Bb5+ {[%clk 01:23:04]} {[%emt 00:01:26]} Kd8 {[%clk
01:05:28]} {[%emt 00:00:12]} 13. Qxc8+ {[%clk 01:22:03]} {[%emt 00:01:31]} Rxc8
{[%clk 01:05:52]} {[%emt 00:00:06]} 14. Ba4 {[%clk 01:22:22]} {[%emt 00:00:11]}
Nd3+ {[%clk 01:06:08]} {[%emt 00:00:14]} 15. Kd2 {[%clk 01:22:39]} {[%emt
00:00:13]} Nxb2 {[%clk 01:06:27]} {[%emt 00:00:11]} 16. Bb3 {[%clk 01:22:50]}
{[%emt 00:00:19]} Bb4 {[%clk 01:06:23]} {[%emt 00:00:33]} 17. Rac1 {[%clk
01:22:57]} {[%emt 00:00:22]} Nd5 {[%clk 01:06:48]} {[%emt 00:00:07]} 18. Bxd5
{[%clk 01:21:14]} {[%emt 00:02:12]} exd5 {[%clk 01:04:43]} {[%emt 00:02:33]}
19. Rc2 {[%emt 00:00:34]} Na4 {[%clk 01:05:01]} 20. Rhc1 {[%clk 01:21:25]}
{[%emt 00:00:29]} Nxc3 {[%clk 01:05:04]} {[%emt 00:00:26]} 21. Rxc3 {[%clk
01:21:27]} {[%emt 00:00:28]} Bxc3+ {[%clk 01:04:50]} {[%emt 00:00:45]} 22. Rxc3
{[%clk 01:21:50]} {[%emt 00:00:07]} Rxc3 {[%clk 01:05:16]} {[%emt 00:00:03]}
23. Kxc3 {[%clk 01:22:16]} {[%emt 00:00:05]} Kd7 {[%clk 01:05:18]} {[%emt
00:00:28]} 24. a4 {[%clk 01:22:23]} {[%emt 00:00:23]} a5 {[%clk 01:05:07]}
{[%emt 00:00:41]} 25. Bd2 {[%clk 01:22:08]} {[%emt 00:00:45]} Rc8+ {[%clk
01:05:14]} {[%emt 00:00:23]} 26. Kd3 {[%clk 01:22:33]} {[%emt 00:00:05]} Rc4
{[%clk 01:05:39]} {[%emt 00:00:05]} 27. Bxa5 {[%clk 01:22:55]} {[%emt
00:00:08]} Rxa4 {[%clk 01:06:03]} {[%emt 00:00:05]} 28. Bd2 {[%clk 01:23:16]}
{[%emt 00:00:10]} Ke6 {[%clk 01:05:40]} {[%emt 00:00:54]} 29. Be3 {[%clk
01:23:12]} {[%emt 00:00:32]} Kf5 {[%clk 01:05:28]} {[%emt 00:00:42]} 30. Ke2
{[%clk 01:23:33]} {[%emt 00:00:09]} Ra1 {[%clk 01:05:51]} {[%emt 00:00:08]} 31.
h4 {[%clk 01:22:42]} {[%emt 00:01:20]} Rh1 {[%clk 01:06:13]} {[%emt 00:00:08]}
32. Bg5 {[%clk 01:23:00]} {[%emt 00:00:12]} f6 {[%clk 01:06:27]} {[%emt
00:00:16]} 33. Be3 {[%clk 01:23:19]} {[%emt 00:00:11]} Rxh4 {[%clk 01:06:51]}
{[%emt 00:00:06]} 34. f4 {[%clk 01:23:41]} {[%emt 00:00:08]} Rxf4 {[%clk
01:07:13]} {[%emt 00:00:08]} 35. Bxf4 {[%clk 01:24:03]} {[%emt 00:00:08]} Kxf4
{[%clk 01:07:38]} {[%emt 00:00:05]} 36. f3 {[%clk 01:24:24]} {[%emt 00:00:08]}
h5 {[%clk 01:07:57]} {[%emt 00:00:11]} 37. Kf2 {[%clk 01:24:51]} {[%emt
00:00:04]} h4 {[%clk 01:08:22]} {[%emt 00:00:06]} 38. Kg2 {[%clk 01:25:05]}
{[%emt 00:00:16]} h3+ {[%clk 01:08:38]} {[%emt 00:00:13]} 39. Kh2 {[%clk
01:25:20]} {[%emt 00:00:16]} Kxf3 {[%clk 01:08:59]} {[%emt 00:00:09]} 40. Kh1
{[%clk 01:25:44]} {[%emt 00:00:05]} f5 {[%clk 01:08:48]} {[%emt 00:00:41]} 41.
Kh2 {[%clk 01:26:08]} {[%emt 00:00:05]} f4 {[%clk 01:09:12]} {[%emt 00:00:07]}
42. Kh1 {[%clk 01:26:34]} {[%emt 00:00:04]} Ke2 {[%clk 01:09:30]} {[%emt
00:00:11]} 43. Kh2 {[%clk 01:26:58]} {[%emt 00:00:07]} f3 {[%clk 01:09:53]}
{[%emt 00:00:07]} 44. Kh1 {[%clk 01:27:20]} {[%emt 00:00:08]} f2 {[%clk
01:10:12]} {[%emt 00:00:11]} 45. Kh2 {[%clk 01:27:47]} {[%emt 00:00:02]} f1=Q
{[%clk 01:10:09]} {[%emt 00:00:33]} 46. Kg3 {[%clk 01:28:14]} {[%emt 00:00:03]}
Qf3+ {[%clk 01:10:01]} {[%emt 00:00:37]} 47. Kh4 {[%clk 01:28:29]} {[%emt
00:00:15]} Qg2 {[%clk 01:10:23]} {[%emt 00:00:08]} 48. Kh5 {[%clk 01:28:54]}
{[%emt 00:00:05]} h2 {[%clk 01:10:48]} {[%emt 00:00:06]} 49. Kh4 {[%clk
01:29:19]} {[%emt 00:00:05]} h1=Q# {[%clk 01:10:43]} {[%emt 00:00:04]} 0-1